| 000 | 00513nam a22002051a 4500 | ||
|---|---|---|---|
| 001 | 7409 | ||
| 003 | OSt | ||
| 005 | 20260204212129.0 | ||
| 008 | 071117s1994||||sp ||||||b||||||||||spa|| | ||
| 020 | _a8471123983 | ||
| 050 | _a372 E13i | ||
| 100 | _aEgan, Kieran | ||
| 245 | _aFantasía e imaginación: su poder en la enseñanza / Kieran Egan | ||
| 250 | _a2 | ||
| 264 | _aEspaña : Morata | ||
| 300 | _a167 p | ||
| 500 | _aIncluye bibliografía e indice | ||
| 650 | _aEducación PrimariaÌ | ||
| 942 |
_2ddc _cBK |
||
| 999 |
_c7409 _d7409 |
||